| 000 | 01092nam2a22002531 4500 | ||
|---|---|---|---|
| 001 | RU\NLR\INFOCOMM18\1000218207 | ||
| 005 | 20250617012825.0 | ||
| 035 | _a(NLR Aleph) 002344168 | ||
| 090 |
_a4492132 _c4492132 |
||
| 100 | _a20041029d1982 |||y0rusy50 ca | ||
| 101 | 0 | _arus | |
| 102 | _aRU | ||
| 105 | _ay ||||||||| | ||
| 200 | 1 |
_aМолоко коровье _fА.А. Осипов |
|
| 210 |
_d1982 _aБ. м. |
||
| 461 | 0 |
_1001RU\NLR\INFOCOMM18\1000218197 _12001#$aСельское хозяйство$eУказ. отеч. нормат.-техн. документов, междунар. и иностр. стандартов$fВНИИКИ$v1982, Вып.6 _94492101 _cМ. _d1979-1985 _fВНИИКИ _oУказ. отеч. нормат.-техн. документов, междунар. и иностр. стандартов _tСельское хозяйство _x0205-8383 _v1982, Вып.6 |
|
| 700 | 1 |
_aОсипов _bА.А. _4070 |
|
| 801 | 1 |
_aRU _bInfoComm _c20041029 |
|
| 801 | 0 |
_aRU _bNLR _gPSBO |
|
| 852 |
_aNLR _bПт _jП-1/138 |
||
| 942 | _cISSUE | ||
| 980 | _aNB | ||
| 980 | _aRUSPER | ||